Statistiken für WDR Regionalstudios

Klicken Sie hier um das Quiz zu spielen!

Allgemein

  • Dieses Quiz wurde 85 mal gespielt
  • Das Durchschnittsergebnis liegt bei 10 aus 11

Antwortstatistiken

Antwort% Korrekt
Düsseldorf
100%
Dortmund
97%
Köln
96%
Aachen
93%
Essen
92%
Münster
91%
Bonn
89%
Bielefeld
86%
Wuppertal
81%
Duisburg
80%
Siegen
64%

Verteilung der Resultate

Perzentil nach korrekt beantworteten Fragen

Anzahl Personen mit jedem Resultat

Ihre Resultats-Entwicklung

Sie haben dieses Quiz noch nicht gespielt